| 000 | 00695nam a22002297a 4500 | ||
|---|---|---|---|
| 001 | BD-DhSAU 5622 | ||
| 003 | BD-DhSAU | ||
| 005 | 20150416155532.0 | ||
| 008 | 150416b1995 bg a|||| |||| 00| 0 eng d | ||
| 020 | _a9840513028 | ||
| 040 | _aBD-DhSAU | ||
| 082 |
_222 _a338.633 _bCRO |
||
| 245 |
_aCrop diversification : _bdubsubf dein Ffrom a field research programme / _cedited by MAS. Mandal , S.C. Dutta |
||
| 260 |
_aDhaka : _bThe University Press, _c1991. |
||
| 300 |
_axx, 151 p. : ill., _btables, figs. ; _c22 cm. |
||
| 504 | _aIncludes references . | ||
| 590 | _aShahriar | ||
| 650 | _aCrop Diversification | ||
| 650 | _aAgronomy. | ||
| 700 | _aMandal , M.A.S. | ||
| 700 | _aDutta , S. C. | ||
| 942 |
_2ddc _cBOOK |
||
| 999 |
_c5622 _d5622 |
||